[Event "Heusenstamm Schloss op"]
[Site "Heusenstamm"]
[Date "2023.11.26"]
[Round "7"]
[White "Spelleken, Hans Gerd"]
[Black "Kretner, Georg Ulrich"]
[Result "0-1"]
[WhiteElo "1700"]
[BlackElo "1847"]
[PlyCount "100"]
[EventDate "2023.11.23"]
[EventType "swiss"]
[EventRounds "7"]
[EventCountry "GER"]
[SourceTitle "CB50_2023"]
[SourceDate "2023.12.13"]
[SourceVersion "1"]
[SourceVersionDate "2023.12.13"]
[SourceQuality "1"]

1. Nf3 d5 2. d4 e6 3. Nbd2 f5 4. e3 Nf6 5. Be2 Bd6 6. c3 Nbd7 7. h3 Ne4 8. c4 c6 9. Qb3 0-0 10. g4 Kh8 11. Rg1 f4 12. Nf1 Ng5 13. Nxg5 Qxg5 14. c5 Bc7 15. exf4 Bxf4 16. Bxf4 Rxf4 17. Qe3 Qf6 18. Rd1 Re4 19. g5 Qf8 20. Qc3 e5 21. b4 Qe7 22. Ng3 exd4 23. Rxd4 Rxd4 24. Qxd4 Ne5 25. Kf1 Bxh3+ 26. Rg2 Rf8 27. f4 Ng6 28. f5 Qe5 29. Qxe5 Nxe5 30. Kf2 Bxg2 31. Kxg2 Nc4 32. Kf3 Re8 33. Kf4 Nd2 34. Bh5 Re1 35. f6 g6 36. Bg4 Kg8 37. Bc8 b6 38. cxb6 axb6 39. Bb7 Ne4 40. Bxc6 Nxg3 41. Bxd5+ Kf8 42. Kxg3 Rb1 43. Bb3 Rg1+ 44. Kf4 Rf1+ 45. Kg4 Rf5 46. a4 Re5 47. Kf4 Re1 48. Bc2 Re2 49. Bd3 Rb2 50. a5 Rxb4+ 0-1

[Event "Rhein Main op-A 25th"]
[Site "Bad Homburg"]
[Date "2023.06.11"]
[Round "7"]
[White "Mews, Bernhard"]
[Black "Kretner, Georg Ulrich"]
[Result "1/2-1/2"]
[WhiteElo "1936"]
[BlackElo "1832"]
[PlyCount "38"]
[EventDate "2023.06.07"]
[EventType "swiss"]
[EventRounds "7"]
[EventCountry "GER"]
[SourceTitle "CBM 215 Extra"]
[Source "ChessBase"]
[SourceDate "2023.09.30"]
[SourceVersion "1"]
[SourceVersionDate "2023.09.30"]
[SourceQuality "1"]

1. e4 d6 2. d4 Nf6 3. Nc3 g6 4. Bf4 Bg7 5. Qd2 c6 6. Bh6 Bxh6 7. Qxh6 Qa5 8. Bd3 Qh5 9. Qd2 Be6 10. Nge2 Nbd7 11. Nf4 Qg5 12. Nce2 Nb6 13. h4 Qh6 14. Qa5 Kd7 15. Qg5 Qg7 16. Nxe6 fxe6 17. 0-0-0 h6 18. Qa5 g5 19. hxg5 Qxg5+ 1/2-1/2

[Event "Rhein Main op-A 25th"]
[Site "Bad Homburg"]
[Date "2023.06.10"]
[Round "6"]
[White "Kretner, Georg Ulrich"]
[Black "Burkart, Lloyd Shang"]
[Result "1/2-1/2"]
[WhiteElo "1832"]
[BlackElo "1957"]
[PlyCount "42"]
[EventDate "2023.06.07"]
[EventType "swiss"]
[EventRounds "7"]
[EventCountry "GER"]
[SourceTitle "CBM 215 Extra"]
[Source "ChessBase"]
[SourceDate "2023.09.30"]
[SourceVersion "1"]
[SourceVersionDate "2023.09.30"]
[SourceQuality "1"]

1. d4 Nf6 2. Nf3 e6 3. c4 d5 4. Nc3 Bb4 5. Bg5 h6 6. Bxf6 Qxf6 7. e3 0-0 8. Be2 dxc4 9. Bxc4 c5 10. 0-0 cxd4 11. exd4 Rd8 12. Qb3 Nc6 13. d5 Bxc3 14. dxc6 b5 15. Bxb5 Ba5 16. Rac1 Bc7 17. Qc3 Qxc3 18. Rxc3 a5 19. b3 Ba6 20. Bxa6 Rxa6 21. g3 Kf8 1/2-1/2

[Event "Rhein Main op-A 25th"]
[Site "Bad Homburg"]
[Date "2023.06.10"]
[Round "5"]
[White "Langer, Wolfgang1111"]
[Black "Kretner, Georg Ulrich"]
[Result "1/2-1/2"]
[WhiteElo "1946"]
[BlackElo "1832"]
[PlyCount "51"]
[EventDate "2023.06.07"]
[EventType "swiss"]
[EventRounds "7"]
[EventCountry "GER"]
[SourceTitle "CBM 215 Extra"]
[Source "ChessBase"]
[SourceDate "2023.09.30"]
[SourceVersion "1"]
[SourceVersionDate "2023.09.30"]
[SourceQuality "1"]

1. e4 d6 2. d4 Nf6 3. Nc3 g6 4. Nf3 Bg7 5. h3 0-0 6. Be3 c6 7. a4 Nbd7 8. Be2 Qb6 9. Qc1 Rd8 10. 0-0 Qc7 11. Nd2 e5 12. Nb3 Nf8 13. dxe5 dxe5 14. f4 exf4 15. Bxf4 Qe7 16. Bf3 Ne6 17. Be3 Nd7 18. Qe1 Ne5 19. Be2 b6 20. Qf2 Bb7 21. a5 c5 22. axb6 axb6 23. Rxa8 Bxa8 24. Na4 Qc7 25. Nc3 Bc6 26. Rd1 1/2-1/2

[Event "Rhein Main op-A 24th"]
[Site "Bad Homburg"]
[Date "2022.06.18"]
[Round "5"]
[White "Kretner, Georg Ulrich"]
[Black "Marzec, Witold"]
[Result "1-0"]
[WhiteElo "1853"]
[BlackElo "1696"]
[PlyCount "101"]
[EventDate "2022.06.15"]
[EventType "swiss"]
[EventRounds "7"]
[EventCountry "GER"]
[SourceTitle "EXT 2023"]
[Source "ChessBase"]
[SourceDate "2022.10.05"]
[SourceVersion "1"]
[SourceVersionDate "2022.10.05"]
[SourceQuality "1"]

1. d4 Nf6 2. Nf3 e6 3. c4 d5 4. Nc3 c6 5. e3 Bd6 6. Bd3 dxc4 7. Bxc4 b5 8. Bd3 Nbd7 9. 0-0 0-0 10. Qe2 Bb7 11. Rd1 Qc7 12. a3 a5 13. Bd2 b4 14. axb4 axb4 15. Ne4 Nxe4 16. Bxe4 f5 17. Bd3 Rxa1 18. Rxa1 Nf6 19. h3 h6 20. Bc4 Nd5 21. e4 fxe4 22. Qxe4 Bc8 23. Rc1 Qf7 24. Bd3 Nf6 25. Qxc6 Qe7 26. Nh4 Bb7 27. Ng6 Bxc6 28. Nxe7+ Bxe7 29. Rxc6 Kf7 30. Bc4 Nd5 31. Bxd5 exd5 32. Rb6 Bd8 33. Rb7+ Kg6 34. Bxb4 Rf5 35. Bd2 Bh4 36. Be3 Rf8 37. g3 Bf6 38. b4 Rc8 39. b5 Rc4 40. Rd7 Bxd4 41. Rxd5 Bxe3 42. fxe3 Rb4 43. Rd6+ Kf7 44. Rb6 h5 45. Kf2 g5 46. Rb8 g4 47. hxg4 hxg4 48. b6 Rb2+ 49. Ke1 Rb1+ 50. Kd2 Rb2+ 51. Kd3 1-0

[Event "Eschborn op"]
[Site "Eschborn"]
[Date "2019.08.18"]
[Round "4.32"]
[White "Pyshny, Anton"]
[Black "Kretner, Georg Ulrich"]
[Result "1-0"]
[WhiteElo "1561"]
[BlackElo "1838"]
[PlyCount "31"]
[EventDate "2019.08.16"]
[EventType "swiss"]
[EventRounds "5"]
[EventCountry "GER"]
[SourceTitle "EXT 2024"]
[Source "ChessBase"]
[SourceDate "2023.10.10"]
[SourceVersion "1"]
[SourceVersionDate "2023.10.10"]
[SourceQuality "1"]

1. e4 g6 2. d4 Bg7 3. Nf3 d6 4. Bf4 Nf6 5. Nc3 0-0 6. Qd2 c6 7. Bh6 Qa5 8. Bxg7 Kxg7 9. Bd3 e5 10. Ne2 Qc7 11. 0-0 Qe7 12. dxe5 dxe5 13. Ng3 h6 14. Qc3 Nbd7 15. Rad1 g5 16. Nf5+ 1-0

[Event "Rhein Main op-A 22nd"]
[Site "Bad Homburg"]
[Date "2019.06.22"]
[Round "5"]
[White "Kretner, Georg Ulrich"]
[Black "Brendel, Bergit"]
[Result "1/2-1/2"]
[WhiteElo "1882"]
[BlackElo "2000"]
[PlyCount "45"]
[EventDate "2019.06.19"]
[EventType "swiss"]
[EventRounds "9"]
[EventCountry "GER"]
[SourceTitle "EXT 2020"]
[Source "ChessBase"]
[SourceDate "2019.10.17"]
[SourceVersion "1"]
[SourceVersionDate "2019.10.17"]
[SourceQuality "1"]

1. d4 Nf6 2. Nf3 g6 3. c4 Bg7 4. g3 0-0 5. Bg2 d6 6. 0-0 Nbd7 7. Nc3 c6 8. e4 Qa5 9. Qc2 Re8 10. Be3 Nf8 11. Ne2 e5 12. dxe5 dxe5 13. c5 Ng4 14. Bd2 Qc7 15. h3 Nf6 16. Bc3 N6d7 17. b4 b6 18. cxb6 axb6 19. a4 c5 20. Rfc1 Bb7 21. Nd2 cxb4 22. Bxb4 Qxc2 23. Rxc2 1/2-1/2

[Event "Rhein Main op-A 22nd"]
[Site "Bad Homburg"]
[Date "2019.06.20"]
[Round "3"]
[White "Kretner, Georg Ulrich"]
[Black "Hoffmann, Matthias"]
[Result "1-0"]
[WhiteElo "1882"]
[BlackElo "1992"]
[PlyCount "145"]
[EventDate "2019.06.19"]
[EventType "swiss"]
[EventRounds "9"]
[EventCountry "GER"]
[SourceTitle "EXT 2020"]
[Source "ChessBase"]
[SourceDate "2019.10.17"]
[SourceVersion "1"]
[SourceVersionDate "2019.10.17"]
[SourceQuality "1"]

1. d4 e6 2. c4 d5 3. Nc3 Nf6 4. Bg5 Be7 5. e3 Nbd7 6. Nf3 h6 7. Bh4 0-0 8. Qc2 c5 9. cxd5 Nxd5 10. Bxe7 Qxe7 11. Nxd5 exd5 12. Be2 b6 13. 0-0 Bb7 14. Rfd1 c4 15. Qf5 Rfe8 16. Nd2 Nf6 17. a3 b5 18. Rac1 a5 19. Nf3 b4 20. axb4 axb4 21. Ra1 b3 22. Ne5 Ra2 23. Rxa2 bxa2 24. Ra1 Ra8 25. f3 Qb4 26. Qc2 Qb3 27. Qd2 Ba6 28. Bd1 Qb5 29. Qc3 Bc8 30. b3 Be6 31. Qb2 cxb3 32. Qxb3 Qa5 33. Kf2 Qd2+ 34. Be2 Ne8 35. Qd1 Qc3 36. Nd3 Bf5 37. Qc1 Qb3 38. Qb2 Qa4 39. Bd1 Qa5 40. Nc1 Bb1 41. Bb3 Qc7 42. g3 Qd7 43. Nxa2 Bg6 44. Nc3 Rb8 45. Qa2 Qh3 46. Kg1 Qf5 47. Bxd5 Qd3 48. Nd1 Rc8 49. Bb3 Nf6 50. Qa6 Qxa6 51. Rxa6 Rb8 52. Ra3 Kh7 53. e4 Rc8 54. Kf2 Rc1 55. Ke2 Rc7 56. Kd2 Nd7 57. Ne3 Rb7 58. Nd5 Nf8 59. Nf4 Rd7 60. Ke3 Rc7 61. Bd1 f6 62. Nxg6 Kxg6 63. d5 Nd7 64. f4 Rb7 65. Rc3 Kf7 66. Bg4 Nb6 67. Kd4 Na4 68. Rc4 Nb2 69. Rc2 Ke7 70. Be2 Na4 71. e5 fxe5+ 72. fxe5 Rb4+ 73. Rc4 1-0

[Event "Frankfurt-chA"]
[Site "Frankfurt"]
[Date "2018.06.11"]
[Round "6"]
[White "Kretner, Georg Ulrich"]
[Black "Muehlbach, Christian"]
[Result "0-1"]
[WhiteElo "1850"]
[BlackElo "1641"]
[PlyCount "84"]
[EventDate "2018.04.30"]
[EventType "swiss"]
[EventRounds "7"]
[EventCountry "GER"]
[SourceTitle "EXT 2019"]
[Source "ChessBase"]
[SourceDate "2018.10.10"]
[SourceVersion "1"]
[SourceVersionDate "2018.10.10"]
[SourceQuality "1"]

1. d4 d5 2. c4 c6 3. Nf3 e6 4. e3 Nf6 5. Nc3 Be7 6. Bd3 Nbd7 7. 0-0 Qc7 8. e4 dxc4 9. Bxc4 0-0 10. e5 Nd5 11. Qe2 Rd8 12. Qe4 b5 13. Bd3 Nf8 14. Qg4 f5 15. Qg3 Bd7 16. h4 Be8 17. Bh6 Bb4 18. Bg5 Rd7 19. Nxd5 Rxd5 20. a3 Ba5 21. Bc2 Bh5 22. Be3 Bb6 23. Bb3 Rd7 24. Ng5 Re8 25. Qf4 Kh8 26. Rac1 Qb7 27. f3 Ng6 28. Qh2 Bxd4 29. Bxd4 Rxd4 30. Nxe6 Rxh4 31. Qg3 Qb6+ 32. Rf2 Qe3 33. Qg5 Qxb3 34. Nxg7 Kxg7 35. Qf6+ Kg8 36. Rxc6 Qf7 37. Qg5 Rc4 38. Rf6 Qc7 39. Rxf5 Rxe5 40. Qxh5 Rc1+ 41. Rf1 Qc5+ 42. Kh2 Rxf1 0-1

[Event "Rhein Main op-A 20th"]
[Site "Bad Homburg"]
[Date "2017.06.17"]
[Round "6"]
[White "Kretner, Georg Ulrich"]
[Black "Gutacker, Stephan"]
[Result "1/2-1/2"]
[WhiteElo "1853"]
[BlackElo "1918"]
[PlyCount "23"]
[EventDate "2017.06.14"]
[EventType "swiss"]
[EventRounds "7"]
[EventCountry "GER"]
[SourceTitle "EXT 2018"]
[Source "ChessBase"]
[SourceDate "2017.10.13"]
[SourceVersion "1"]
[SourceVersionDate "2017.10.13"]
[SourceQuality "1"]

1. d4 Nf6 2. Nf3 e6 3. c4 b6 4. a3 Bb7 5. Nc3 d5 6. Bg5 Be7 7. e3 Nbd7 8. cxd5 Nxd5 9. Bxe7 Qxe7 10. Bd3 Nxc3 11. bxc3 0-0 12. 0-0 1/2-1/2

[Event "Rhein Main op-A 20th"]
[Site "Bad Homburg"]
[Date "2017.06.17"]
[Round "5"]
[White "Stork, Oliver"]
[Black "Kretner, Georg Ulrich"]
[Result "1-0"]
[WhiteElo "2012"]
[BlackElo "1853"]
[PlyCount "51"]
[EventDate "2017.06.14"]
[EventType "swiss"]
[EventRounds "7"]
[EventCountry "GER"]
[SourceTitle "EXT 2018"]
[Source "ChessBase"]
[SourceDate "2017.10.13"]
[SourceVersion "1"]
[SourceVersionDate "2017.10.13"]
[SourceQuality "1"]

1. c4 g6 2. g3 Bg7 3. Bg2 Nf6 4. Nc3 0-0 5. d3 c6 6. e4 d6 7. Nge2 e5 8. 0-0 a5 9. h3 Na6 10. Be3 Ne8 11. Qd2 Nc5 12. b3 Ne6 13. d4 f5 14. f4 fxe4 15. fxe5 dxe5 16. d5 Rxf1+ 17. Rxf1 Nd4 18. Nxd4 exd4 19. Bxd4 Nf6 20. Qf2 e3 21. Qxe3 cxd5 22. Nxd5 Bf5 23. g4 Nxg4 24. hxg4 Bxg4 25. Bxg7 Kxg7 26. Qd4+ 1-0

[Event "Frankfurt-chA"]
[Site "Frankfurt"]
[Date "2017.06.12"]
[Round "7"]
[White "Wagner, Guenter"]
[Black "Kretner, Georg Ulrich"]
[Result "0-1"]
[WhiteElo "1666"]
[BlackElo "1816"]
[PlyCount "82"]
[EventDate "2017.04.24"]
[EventType "swiss"]
[EventRounds "7"]
[EventCountry "GER"]
[SourceTitle "EXT 2018"]
[Source "ChessBase"]
[SourceDate "2017.10.13"]
[SourceVersion "1"]
[SourceVersionDate "2017.10.13"]
[SourceQuality "1"]

1. Nf3 g6 2. g3 Bg7 3. Bg2 Nf6 4. c4 0-0 5. d4 d6 6. 0-0 Nbd7 7. Nc3 e5 8. Bg5 h6 9. Bd2 c6 10. e4 exd4 11. Nxd4 Nc5 12. Qc2 a5 13. Rad1 Re8 14. Bf4 Bf8 15. b3 Nh5 16. Bc1 Bg4 17. f3 Bd7 18. f4 Bg4 19. Nf3 Qc8 20. Rde1 Bg7 21. e5 Bf5 22. Qd1 Nd3 23. Re3 Nxc1 24. Qxc1 dxe5 25. Nxe5 Bh3 26. Na4 Bxg2 27. Kxg2 Qc7 28. Rfe1 Nf6 29. Qc2 Red8 30. Nc5 Bf8 31. Ne4 Nxe4 32. Rxe4 Rd6 33. Nf3 Rad8 34. R1e2 Qd7 35. Qc3 b6 36. Ne5 Qf5 37. Qf3 h5 38. h3 Rd1 39. g4 hxg4 40. hxg4 Qf6 41. g5 Qh8 0-1

[Event "Frankfurt-chA"]
[Site "Frankfurt"]
[Date "2017.05.29"]
[Round "6"]
[White "Kretner, Georg Ulrich"]
[Black "Senatov, Boris"]
[Result "1/2-1/2"]
[WhiteElo "1816"]
[BlackElo "1558"]
[PlyCount "105"]
[EventDate "2017.04.24"]
[EventType "swiss"]
[EventRounds "7"]
[EventCountry "GER"]
[SourceTitle "EXT 2018"]
[Source "ChessBase"]
[SourceDate "2017.10.13"]
[SourceVersion "1"]
[SourceVersionDate "2017.10.13"]
[SourceQuality "1"]

1. d4 Nf6 2. Nf3 e6 3. c4 b6 4. g3 Ba6 5. Qc2 c5 6. Bg2 Nc6 7. e3 Rc8 8. b3 d5 9. Ne5 Nb4 10. Qe2 cxd4 11. a3 d3 12. Nxd3 Nxd3+ 13. Qxd3 Qc7 14. Nd2 Be7 15. Bb2 dxc4 16. bxc4 Bxc4 17. Nxc4 Qxc4 18. Qxc4 Rxc4 19. Bf1 Rc2 20. Bb5+ Kf8 21. Bd4 Bc5 22. Bxf6 gxf6 23. 0-0 Kg7 24. Rfd1 h5 25. h4 f5 26. Rd7 a5 27. Kf1 Kf6 28. a4 Rb2 29. Be2 Rb4 30. Ra2 e5 31. Bd1 f4 32. exf4 exf4 33. Rd5 fxg3 34. fxg3 Rg8 35. Kg2 Rxh4 36. Bxh5 Rb4 37. Bd1 Re8 38. Rad2 Ree4 39. Rd7 Ke6 40. R2d3 Red4 41. R7xd4 Rxd4 42. Bb3+ Ke7 43. Re3+ Kf8 44. Rf3 Rd7 45. g4 Kg7 46. Kh3 f6 47. Kh4 Rd2 48. Rc3 Re2 49. Kg3 Kf8 50. Kf3 Re5 51. Rd3 Ke7 52. Bc4 Bd6 53. Re3 1/2-1/2

[Event "Frankfurt-chA"]
[Site "Frankfurt"]
[Date "2016.05.23"]
[Round "4"]
[White "Kretner, Georg Ulrich"]
[Black "Diehl, Stefan"]
[Result "0-1"]
[WhiteElo "1880"]
[BlackElo "1699"]
[PlyCount "58"]
[EventDate "2016.04.25"]
[EventType "swiss"]
[EventRounds "9"]
[EventCountry "GER"]
[SourceTitle "EXT 2018"]
[Source "ChessBase"]
[SourceDate "2017.10.13"]
[SourceVersion "1"]
[SourceVersionDate "2017.10.13"]
[SourceQuality "1"]

1. d4 f5 2. Nf3 Nf6 3. g3 e6 4. Bg2 d5 5. 0-0 Bd6 6. c4 c6 7. b3 Qe7 8. Bb2 0-0 9. Nbd2 Nbd7 10. Ne5 Ne4 11. Nd3 Ndf6 12. Nf3 Ng4 13. h3 Nh6 14. Nfe5 Bd7 15. a4 a5 16. Qe1 Nf7 17. f3 Nf6 18. Nf2 Nh5 19. Nfd3 Nxe5 20. dxe5 Bb4 21. Nxb4 axb4 22. Rc1 Qg5 23. Kh2 f4 24. g4 Ng3 25. Rg1 h5 26. e3 h4 27. exf4 Qxf4 28. Bh1 Nf1+ 29. Kg2 Qxf3# 0-1

[Event "Frankfurt-chA"]
[Site "Frankfurt"]
[Date "2016.04.25"]
[Round "1"]
[White "Popp, Matthias"]
[Black "Kretner, Georg Ulrich"]
[Result "0-1"]
[WhiteElo "1534"]
[BlackElo "1880"]
[PlyCount "34"]
[EventDate "2016.04.25"]
[EventType "swiss"]
[EventRounds "9"]
[EventCountry "GER"]
[SourceTitle "EXT 2018"]
[Source "ChessBase"]
[SourceDate "2017.10.13"]
[SourceVersion "1"]
[SourceVersionDate "2017.10.13"]
[SourceQuality "1"]

1. d4 g6 2. Nf3 Bg7 3. Bf4 Nf6 4. e3 0-0 5. Nbd2 d6 6. Bd3 c6 7. c3 Nbd7 8. Qc2 Re8 9. 0-0-0 b5 10. h4 h5 11. Bxg6 fxg6 12. Qxg6 Nf8 13. Qc2 a5 14. Ng5 b4 15. cxb4 axb4 16. Qxc6 Bf5 17. Nde4 Rc8 0-1

[Event "Frankfurt-chA"]
[Site "Frankfurt"]
[Date "2015.06.08"]
[Round "6"]
[White "Hinz, Andre"]
[Black "Kretner, Georg Ulrich"]
[Result "0-1"]
[WhiteElo "1690"]
[BlackElo "1874"]
[PlyCount "78"]
[EventDate "2015.04.27"]
[EventType "swiss"]
[EventRounds "7"]
[EventCountry "GER"]
[SourceTitle "EXT 2016"]
[Source "ChessBase"]
[SourceDate "2015.10.08"]
[SourceVersion "1"]
[SourceVersionDate "2015.10.08"]
[SourceQuality "1"]

1. c4 g6 2. g3 Bg7 3. Bg2 Nf6 4. d3 c6 5. Nc3 0-0 6. e4 d6 7. Nge2 a5 8. 0-0 Na6 9. a3 Rb8 10. Rb1 b5 11. e5 dxe5 12. Bxc6 b4 13. axb4 Nxb4 14. Be4 Bh3 15. Re1 Ng4 16. Be3 Nxe3 17. fxe3 Qb6 18. d4 Rfd8 19. c5 Qa7 20. Na4 Bg4 21. d5 Bh6 22. Kf2 f5 23. Bg2 e4 24. Nb6 Nd3+ 25. Kf1 Nxc5 26. Nc4 Nd3 27. h3 Bxe2+ 28. Rxe2 Qc7 29. Qa4 Rb4 30. Qxa5 Rxc4 31. Qd2 Rc8 32. Rd1 Qxg3 33. d6 exd6 34. Qxd3 exd3 35. Bd5+ Kg7 36. Rg2 Qxe3 37. Bxc4 Rxc4 38. Re1 Rf4+ 39. Rf2 Qxf2# 0-1

[Event "Frankfurt-chA"]
[Site "Frankfurt"]
[Date "2015.05.18"]
[Round "4"]
[White "Witt, Holger"]
[Black "Kretner, Georg Ulrich"]
[Result "0-1"]
[WhiteElo "1506"]
[BlackElo "1874"]
[PlyCount "152"]
[EventDate "2015.04.27"]
[EventType "swiss"]
[EventRounds "7"]
[EventCountry "GER"]
[SourceTitle "EXT 2016"]
[Source "ChessBase"]
[SourceDate "2015.10.08"]
[SourceVersion "1"]
[SourceVersionDate "2015.10.08"]
[SourceQuality "1"]

1. d4 f5 2. Nc3 Nf6 3. Bg5 d5 4. Bxf6 exf6 5. e3 c6 6. Bd3 Bd6 7. Qf3 g6 8. Nge2 0-0 9. a3 a5 10. Nf4 Qe7 11. 0-0 g5 12. Nfxd5 cxd5 13. Nxd5 Qf7 14. Nb6 g4 15. Qd5 Qxd5 16. Nxd5 Nc6 17. Nb6 Ra7 18. Nxc8 Rxc8 19. Bxf5 Rc7 20. Bxg4 Ne7 21. c4 f5 22. Be2 b6 23. Rac1 Nc6 24. Rfd1 a4 25. Bf3 Na5 26. Bd5+ Kg7 27. Rc3 Kf6 28. g3 h5 29. h4 Rg7 30. e4 fxe4 31. Bxe4 Rac7 32. Bd5 Rge7 33. Kf1 Nb3 34. Rf3+ Kg6 35. c5 bxc5 36. Bxb3 axb3 37. Rxb3 c4 38. Rc3 Kf5 39. Rd2 Kg4 40. Kg2 Re8 41. Rdc2 Rec8 42. f3+ Kf5 43. Re3 Rg8 44. f4 Rb8 45. d5 Rb5 46. Rd2 Rb3 47. Re6 Rxg3+ 48. Kxg3 Bxf4+ 49. Kf3 Bxd2 50. Rc6 Ba5 51. Ra6 Rc5 52. d6 Ke5 53. d7 Bc7 54. Rh6 Kd4 55. Rd6+ Rd5 56. Rc6 Rxd7 57. a4 Bd8 58. Rh6 Rd5 59. a5 Bxa5 60. Rg6 Bd8 61. Rg1 Bxh4 62. Rd1+ Kc5 63. Rc1 Bf6 64. b3 c3 65. Ke4 Rd6 66. Kf5 Kb4 67. Kg6 h4 68. Rh1 Kxb3 69. Kh5 Kb2 70. Rxh4 Bxh4 71. Kxh4 Rg6 72. Kh5 Rg1 73. Kh4 c2 74. Kh3 c1Q 75. Kh2 Rg8 76. Kh3 Qh1# 0-1

[Event "Frankfurt-chA"]
[Site "Frankfurt"]
[Date "2015.04.27"]
[Round "1"]
[White "Kretner, Georg Ulrich"]
[Black "Lanz, Juergen"]
[Result "1-0"]
[WhiteElo "1874"]
[BlackElo "1526"]
[PlyCount "49"]
[EventDate "2015.04.27"]
[EventType "swiss"]
[EventRounds "7"]
[EventCountry "GER"]
[SourceTitle "EXT 2016"]
[Source "ChessBase"]
[SourceDate "2015.10.08"]
[SourceVersion "1"]
[SourceVersionDate "2015.10.08"]
[SourceQuality "1"]

1. d4 d5 2. c4 e6 3. Nc3 Nf6 4. Bg5 Be7 5. e3 0-0 6. Qc2 h6 7. h4 c6 8. 0-0-0 dxc4 9. Bxc4 b5 10. Bxf6 Bxf6 11. Bd3 Qe7 12. Nf3 e5 13. Ne4 exd4 14. Nxf6+ Qxf6 15. Nxd4 Bb7 16. Be4 Na6 17. Kb1 Nb4 18. Qe2 Rab8 19. a3 Qe5 20. Qf3 Nd5 21. Nxc6 Nc3+ 22. bxc3 Qxc3 23. Rd3 Qc4 24. Rc1 Qe6 25. Qf5 1-0

[Event "Eschborn op 11th"]
[Site "Eschborn"]
[Date "2014.09.07"]
[Round "4"]
[White "Mueller, Maximilian"]
[Black "Kretner, Georg Ulrich"]
[Result "1-0"]
[WhiteElo "2169"]
[BlackElo "1831"]
[PlyCount "93"]
[EventDate "2014.09.05"]
[EventType "swiss"]
[EventRounds "5"]
[EventCountry "GER"]
[SourceTitle "EXT 2015"]
[Source "ChessBase"]
[SourceDate "2014.11.20"]
[SourceVersion "1"]
[SourceVersionDate "2014.11.20"]
[SourceQuality "1"]

1. d4 g6 2. e4 Bg7 3. Nc3 d6 4. f4 Nf6 5. Nf3 0-0 6. Bd3 Nc6 7. d5 Nb8 8. Be3 c5 9. h3 a6 10. a4 e6 11. dxe6 Bxe6 12. Qe2 Qc7 13. f5 gxf5 14. exf5 Bd5 15. Nxd5 Nxd5 16. c4 Nxe3 17. Qxe3 Nc6 18. 0-0 Rae8 19. Qf4 Qe7 20. Rae1 Qf6 21. Be4 Bh6 22. Qh4 Bg7 23. Qxf6 Bxf6 24. b3 Re7 25. g4 Rfe8 26. Bxc6 bxc6 27. Rxe7 Rxe7 28. Rd1 Rd7 29. g5 Bd8 30. Ne5 Rb7 31. f6 Bc7 32. Nxc6 h6 33. gxh6 Rxb3 34. Kg2 Kh7 35. Re1 Rb2+ 36. Kf3 Rb6 37. Ne7 d5 38. Nxd5 Rb3+ 39. Re3 Rxe3+ 40. Kxe3 Bd8 41. Ke4 Ba5 42. Ke5 Kxh6 43. Kd6 Bb4 44. Ke7 Kg6 45. Nf4+ Kf5 46. Kxf7 Kxf4 47. Kg8 1-0